[Event "Krefeld op"]
[Site "Krefeld"]
[Date "2023.08.06"]
[Round "9"]
[White "Macarie, Paul Andrei"]
[Black "Beiden, Manuel"]
[Result "1-0"]
[WhiteElo "1863"]
[BlackElo "1512"]
[PlyCount "61"]
[EventDate "2023.08.02"]
[EventType "swiss"]
[EventRounds "9"]
[EventCountry "GER"]
[SourceTitle "CBM 215 Extra"]
[Source "ChessBase"]
[SourceDate "2023.09.30"]
[SourceVersion "1"]
[SourceVersionDate "2023.09.30"]
[SourceQuality "1"]

1. f4 d5 2. Nf3 c5 3. e3 Nf6 4. b3 e6 5. Bb2 Be7 6. Be2 b6 7. 0-0 Bb7 8. Qe1 0-0 9. d3 Nc6 10. Nbd2 Qc7 11. Ne5 Rad8 12. Ndf3 b5 13. Nxc6 Bxc6 14. Ne5 Ba8 15. Qg3 d4 16. e4 Kh8 17. a4 b4 18. Rf2 Nd7 19. Nxd7 Rxd7 20. Qh3 e5 21. fxe5 Bg5 22. Bc1 Bxc1 23. Rxc1 Re7 24. e6 f6 25. Bg4 g6 26. Rcf1 Kg7 27. Qh4 Qe5 28. Rf3 h5 29. Bf5 gxf5 30. Rg3+ Kh6 31. Rxf5 1-0